Movies Quiz

Random Movies or Director Quiz

Film by Director 15 Quiz Stats

 Plays Quiz not verified by Sporcle

Score 0/25 Timer 05:00
0 Plays Today
% Correct
Dumb and Dumber
91.7%
Sleepless in Seattle
88.5%
American Psycho
80.2%
Steamboat Willie
79.2%
Police Story 2
72.9%
Kes
71.9%
Ray
70.8%
Rebel Without a Cause
68.8%
Shane
64.6%
Resident Evil
64.6%
The Water Diviner
64.6%
The Earrings of Madame de...
57.3%
Black Christmas
52.1%
% Correct
In a Better World
51%
In a World...
50%
Night and Fog
49%
Il Posto
46.9%
The Stranger
43.8%
The Texas Chainsaw Massacre
43.8%
My Winnipeg
41.7%
Short Term 12
40.6%
Gertie the Dinosaur
35.4%
Street of Crocodiles
34.4%
The Best Man
32.3%
The Perfect Human
29.2%

You're not logged in!

Compare scores with friends on all Sporcle quizzes.
OR
Log In

Show Comments

Extras

Top Quizzes Today


Score Distribution

Your Account Isn't Verified!

In order to create a playlist on Sporcle, you need to verify the email address you used during registration. Go to your Sporcle Settings to finish the process.

Report this User

Report this user for behavior that violates our Community Guidelines.

Details: